000 00617cam a22002173a 4500
001 40202
003 PGUSA
005 20140828083909.0
008 120710s2012||||xxu|||||s|||||000 | eng d
040 _aPGUSA
_beng
042 _adc
100 1 _aSharber, Kate Trimble
245 1 4 _aThe Annals of Ann
_h[electronic resource] /
_cKate Trimble Sharber
260 _bProject Gutenberg,
_c2012
506 _aPublic domain in the USA.
516 _aElectronic text
700 1 _aMeylan, Paul Julian,
_d1882-1961
830 0 _aProject Gutenberg
_v40202
856 4 0 _uhttp://www.gutenberg.org/ebooks/40202
942 _cEB
999 _c269455
_d269455